Giant Word Ladder IV: Mr. T Quiz Stats

Quiz Updated Jul 8, 2012

Challenge
Share
Tweet
Embed
Score 0/20 Timer 02:00
0 Plays Today
Clue Word % Correct
Beat around the ___BUSH
89.2%
One-third of a yardFOOT
85.4%
'I [first rung] the [final rung]!' - Mr. TFOOL
82.9%
A sculpture of head, neck and shouldersBUST
81.5%
'I [first rung] the [final rung]!' - Mr. TPITY
81.3%
Course or routePATH
61.9%
One as well as the otherBOTH
58.2%
Spongy plant tissuePITH
57.4%
The cord that leads away from the dynamiteFUSE
57%
NonsenseBOSH
54.6%
Clue Word % Correct
Deprived of practical significanceMOOT
49.7%
RenownFAME
47.7%
Gypsy or luna, e.g.MOTH
45.2%
Smoke or vaporFUME
45%
Erato or Clio, e.g.MUSE
44.7%
KismetFATE
43.6%
The headPATE
42.6%
___ the HoopleMOTT
42.2%
Make untidyMUSS
41%
To kissBUSS
40.9%

You're not logged in!

Compare scores with friends on all Sporcle quizzes.
Sign Up with Email
OR
Log In

You Might Also Like...

Show Comments

Extras

Top Quizzes Today


Score Distribution

Your Account Isn't Verified!

In order to create a playlist on Sporcle, you need to verify the email address you used during registration. Go to your Sporcle Settings to finish the process.

Report this User

Report this user for behavior that violates our Community Guidelines.

Details: